Score 0/67 Timer 10:00
0 Plays Today
Year Book % Correct
1981Go to the Doctor
74.4%
1985and Too Much Junk Food
74.4%
1984and Too Much TV
73.3%
1974New Baby
71%
1981Visit the Dentist
68.8%
1982Get in a Fight
64.8%
1978Go to School
61.9%
1981Moving Day
61.9%
1986No Girls Allowed
61.4%
1986and Too Much Birthday
60.2%
1982Go to Camp
59.1%
1983and the Messy Room
58%
1989and Too Much Vacation
58%
1987and the Trouble with Friends
57.4%
1984and Mama's New Job
55.1%
1981and the Sitter
54.5%
1985Forget Their Manners
54.5%
1988and the Bad Dream
54%
1988Get the Gimmies
54%
1983and the Truth
53.4%
1985Learn About Strangers
53.4%
1982in the Dark
52.3%
1989Trick or Treat
52.3%
1984Meet Santa Bear
51.7%
1987Go Out for the Team
50.6%
1987and the Bad Habit
50%
1994and the Bully
50%
1986and the Week at Grandma's
49.4%
1989and the In-Crowd
49.4%
1994New Neighbors
47.2%
1983Trouble with Money
46.6%
1986Get Stage Fright
45.5%
1988and the Double Dare
44.9%
1990and the Slumber Party
44.9%
Year Book % Correct
1992Trouble with Grownups
43.8%
1995and the Green-Eyed Monster
40.9%
1993and Too Much Pressure
39.2%
2000and Baby Makes Five
38.6%
1995Count Their Blessings
36.4%
1990and the Prize Pumpkin
35.8%
1991Don't Pollute (Anymore)
35.8%
1997and the Homework Hassle
35.8%
2000The Birds The Bees and the Berenstain Bears
35.8%
1995and Too Much Teasing
32.4%
1987Trouble with School
30.7%
2001and the Excuse Note
27.8%
1987and the Big Road Race
25%
1998Lend a Helping Hand
19.9%
1999Mad Mad Mad Toy Craze
18.2%
1988and the Ghost of the Forest
17%
1998Get Their Kicks
16.5%
1999and the Big Question
15.3%
2000and the Big Blooper
15.3%
1997and the Blame Game
14.8%
2001Dollars and Sense
13.1%
2004and the Mama's Day Surprise
13.1%
1987and the Missing Honey
12.5%
2002Report Card Trouble
12.5%
2003and the Papa's Day Surprise
12.5%
1999Think of Those in Need
11.9%
1987Blaze a Trail
11.4%
2005and the Trouble with Chores
9.1%
2002and the Real Easter Eggs
6.8%
2005Bedtime Battle
6.8%
2002Funny Valentine
5.7%
2005and Too Much Car Trip
5.7%
2005Go On a Ghost Walk
5.1%
Remove Ads.
Support Sporcle.
Get the best of Sporcle when you Go Orange. This ad-free experience offers more features, more stats, and more fun while also helping to support Sporcle. Thank you for becoming a member.

You're not logged in!

Compare scores with friends on all Sporcle quizzes.
OR
Log In

Show Comments

Extras

Top Quizzes Today


Score Distribution

Your Account Isn't Verified!

In order to create a playlist on Sporcle, you need to verify the email address you used during registration. Go to your Sporcle Settings to finish the process.

Report this User

Report this user for behavior that violates our Community Guidelines.

Details: